000 01138cad a22002415a 4500
001 L145965
008 081126s2008 xxkad f s 000 0 eng d
035 _a(Sirsi) u145965
041 0 _aeng
050 0 4 _a333.33 $2 18
110 2 _aCluttons
_92064
245 0 0 _aQuarterly property market update
_bNovember 2008
_h[electronic resource]
260 _aLondon
_bCluttons
_c2008
490 0 _aQuarterly Property Market Update
_vNovember 2008
520 _aExpects all property returns to be negative in 2009 at -4%, following a return of -16% expected for 2008. Forecasts returns for the office sector to see -17% in 2008 and -3% in 2009. Predicts that total returns for retail to be -16% in 2008 with -3% in 2009. Suggests house prices will fall by -14% in 2008 and a further -7% in 2009.
590 _aKA
650 2 4 _aCLUTTONS QUARTERLY PROPERTY MARKET UPDATE
651 4 _aUnited Kingdom
_y
690 _aPROPERTY-COMMERCIAL PROPERTY-COMMERCIAL PROPERTY MARKET
690 _aPROPERTY-RESIDENTIAL PROPERTY-RESIDENTIAL PROPERTY MARKET
856 4 0 _uhttps://www.cluttons.com/
_zView the report at www.cluttons.com...
942 _n0
999 _c108989
_d108989